| 000 | 00707nam a2200205 i 4500 | ||
|---|---|---|---|
| 001 | 186894 | ||
| 003 | ES-MaACL | ||
| 005 | 20250808022551.0 | ||
| 008 | 170227s1932 sp |||| | spa d | ||
| 100 | 1 |
_aRépide, Pedro de, _d1882-1948 _996267 |
|
| 245 | 1 | 0 |
_aIsabel II, Reina de España / _cpor Pedro de Répide. |
| 250 | _a1ª ed. | ||
| 260 |
_aMadrid : _bEspasa-Calpe, _c1932. |
||
| 300 |
_a296 p., [4] p. de lám. ; _c19 cm. |
||
| 490 | 1 |
_aVidas españolas e hispanoamericanas del siglo XIX ; _v20 |
|
| 600 | 0 | 4 |
_aIsabel _bII, _cReina de España _965524 |
| 830 | 0 | 0 |
_aVidas españolas e hispanoamericanas del siglo XIX _v20 _9192640 |
| 852 |
_aES-MaACL _jC-23231 |
||
| 999 |
_c186894 _d186894 |
||